| 000 | 00458nam a2200181Ia 4500 | ||
|---|---|---|---|
| 005 | 20250423094447.0 | ||
| 008 | 250422s9999 xx 000 0 und d | ||
| 020 | _a9780781798853 | ||
| 050 | _aQM 32 .A65/ | ||
| 100 | _aAntevil, Jared L. | ||
| 245 | 0 | _aAnatomy recall | |
| 260 | _aPhiladelphia | ||
| 260 | _bLippincott Williams & Wiklins | ||
| 260 | _c2006 | ||
| 300 | _a472 p | ||
| 650 | _aHuman anatomy--Examinations, questions, etc. | ||
| 942 | _cBK | ||
| 999 |
_c27305 _d27305 |
||